00522nam a2200181Ia 450000500170000000800410001708200130005810000150007124500670008626000240015330000120017765000120018965000130020165000110021494200060022595200940023199900150032520240801040617.0240331s9999 xx 000 0 und d bJUVa376 aJuvigny, P 4aThe fight against discrimination towards equality in education aParisbUnescoc1963 a84 p ., aHistory aEconomic aSocial cL 001040708LaWERCLbWERCLcSSCd2024-03-31l0o 376 JUVp272r2024-03-31w2024-03-31yL c2990d2990